Rural Asia: Beyond the green revolution (Record no. 9671)

MARC details
000 -LEADER
fixed length control field 00337nam a2200133Ia 4500
020 ## - INTERNATIONAL STANDARD BOOK NUMBER
ISBN 9715612725
082 ## - DEWEY DECIMAL CLASSIFICATION NUMBER
Classification number 307.1412091 RUR-
245 #0 - TITLE STATEMENT
Title Rural Asia: Beyond the green revolution
260 ## - PUBLICATION, DISTRIBUTION, ETC. (IMPRINT)
Name of publisher Asian Development Bank
Year of publication 2000
300 ## - PHYSICAL DESCRIPTION
Number of Pages vii, 187
504 ## - BIBLIOGRAPHY, ETC. NOTE
Bibliography, etc includes appendix
650 ## - SUBJECT ADDED ENTRY--TOPICAL TERM
Topical Term Rural development
Form subdivision Asia
942 ## - ADDED ENTRY ELEMENTS (KOHA)
Koha item type Books
Source of classification or shelving scheme Dewey Decimal Classification
Holdings
Withdrawn status Lost status Damaged status Not for loan Collection code Home library Current library Date acquired Bill Date Full call number Accession Number Price effective from Koha item type
        Docas Books NASSDOC Library NASSDOC Library 20/09/2016 2004-10-22 307.1412091 RUR- D001011 18/04/2019 Books